Ricostruisci la Carriera del Calciatore - Alberto Aquilani - Statistics

Statistiche generali
  • Questo quiz è stato fatto 21 volte
  • Il punteggio medio è 4 su 11
Statistiche sulle risposte
Hint Risposta % Corretto
2011-2012 Milan
53%
2004-2009 Roma
53%
2003-2004 Triestina
53%
2012-2015 Fiorentina
47%
2010-2011 Juventus
47%
2009-2010 Liverpool
40%
2017 Sassuolo
33%
2015-2016 Sporting Lisbona
33%
2017-2018 Las Palmas
27%
2002-2003 Roma
27%
2016 Pescara
13%
Nessun quiz corrispondente trovato
Distribuzione punteggi
Percentuale di utenti per punteggio
Percentile per numero di risposta
I tuoi punteggi nel tempo
Non hai fatto questo quiz